| 000 | 00644nam a2200169 a 4500 | ||
|---|---|---|---|
| 008 | 190524s2017 ||||||||||||||||| || u | ||
| 020 | _a9781560118923 | ||
| 050 | _aKB 90 Smi | ||
| 100 | _aSmith, Jessica | ||
| 245 | 1 | 0 |
_aCrimes: a guidebook on the elements of crime. (7th edition) _cBy Jessica Smith |
| 250 | _a7th edition | ||
| 260 |
_aNorth Carolina _bUNC School of Government _c2017 |
||
| 300 | _axv, 198 pages | ||
| 350 | _a43.04 | ||
| 650 | _aCRIMINAL LAW--NORTH CAROLINA | ||
| 995 |
_FCBU-MAIN LIBRARY (Kitwe) _I43.04 _M1 _UAVAILABLE _WJun 10, 2019 _ZMain Library Open Access Collection |
||
| 999 |
_c39184 _d39184 |
||